000 00359cam a22001337a 4500
008 180718b1980 xxu||||| |||| 00| 0 eng d
082 _aD49x519 K56
100 _aChum-Kon, Kim
245 _aKorean war 1950-53
_cby Kim Chum-Kon
260 _aSeoul
_bKwangmyong
_c1980
300 _a604p.
650 _aKorea --History --1945-
650 _aKorean War, 1950-1953
999 _c476983
_d476983